Statistiques concernant Les gens au pays - Quiz d'images #10

Cliquez ici pour prendre le quiz!

Statistiques générales

  • Ce quiz a été pris 103 fois
  • Le résultat moyen est 9 sur 16

Statistiques - réponses

Réponse% Correct
Mexique
90%
Allemagne
83%
Royaume-Uni
82%
Pologne
74%
Autriche
72%
Allemagne
70%
Italie
61%
Espagne
60%
Russie
55%
Brésil
48%
Espagne
48%
Monaco
48%
Irlande
36%
États-Unis
22%
Royaume-Uni
13%
Hongrie
8%

Distribution des résultats

Percentile par nombre de réponses

% des personnes avec chaque résultat

Votre développement - résultats

Vous n’avez pas pris ce quiz